00429nam a2200121Ia 4500008004100000020001500041100002400056245003500080260004000115300001400155999001900169952011900188180205s9999 xx 000 0 und d a9719219807 aArroyo, Estrella T. 4aThe literatures of the world / aNaga CitybNational bookstorec1999 a425 pages c354772d354772 001040aCLbCLcFILd2018-02-05eLibrary Fundl0oPN 6014 .Ar779 1999pC0116r2018-05-08 00:00:00w2018-02-05yBK